| 000 | 00772nam a2200205 a 4500 | ||
|---|---|---|---|
| 001 | BRCA_2102 | ||
| 005 | 20190320203653.0 | ||
| 008 | 110808s1991----mx-a---###---#000-0#spa-# | ||
| 050 | 4 |
_aF1391.P8 _b.L43 44 _c1991 |
|
| 100 | 1 |
_aMeade, Joaquín _96376 |
|
| 245 | 1 | 0 |
_aLa huasteca poblana _cJoaquín Meade, selección e introducción Mercedes Meade de Angulo. |
| 260 |
_aPuebla, México _bGobierno del Estado de Puebla : Secretaría de Cultura : Comisión Puebla V Centenario _c1991 |
||
| 300 |
_a45 p. _bil. _c21 cm. |
||
| 440 | 0 |
_aLecturas Históricas de Puebla _n44 _96377 |
|
| 651 | 4 |
_aPuebla (México) _xHistoria _9409 |
|
| 651 | 4 |
_aPuebla (México) _xVida social y costumbres _9408 |
|
| 653 | 0 | _aVida cotidiana | |
| 700 | 1 |
_aMeade de Angulo, Mercedes _9281 |
|
| 942 |
_2lcc _cB |
||
| 999 |
_c1859 _d1859 |
||